LEADER 00975nam--2200349---450- 001 990002792770203316 005 20060727102943.0 010 $a0137878052 035 $a000279277 035 $aUSA01000279277 035 $a(ALEPH)000279277USA01 035 $a000279277 100 $a20060727d1989----km-y0itay0103----ba 101 $aeng 102 $aUS 105 $a||||||||001yy 200 1 $aSales promotion management$fJohn A. Quelch 210 $aEnglewood Cliffs (NJ)$cPrentice Hall$dc1989 215 $aXI, 350 p.$d24 cm 225 2 $aPrentice-Hall series in marketing 410 0$12001$aPrentice-Hall series in marketing 454 1$12001 461 1$1001-------$12001 700 1$aQUELCH,$bJohn A.$0286067 801 0$aIT$bsalbc$gISBD 912 $a990002792770203316 951 $aP08 983$bDISTRA 959 $aBK 969 $aDISTRA 979 $aDISTRA2$b10$c20060727$lUSA01$h1029 996 $aSales promotion management$9996117 997 $aUNISA LEADER 02021nam0 2200433 i 450 001 VAN00113455 005 20240806100748.880 017 70$2N$a9783319167398 100 $a20180110d2015 |0itac50 ba 101 $aeng 102 $aCH 105 $a|||| ||||| 200 1 $aNumerical analysis using sage$fGeorge A. Anastassiou, Razvan A. Mezei 210 $a[Cham]$cSpringer$d2015 215 $aXII, 314 p.$cill.$d24 cm 410 1$1001VAN00100987$12001 $aSpringer undergraduate texts in mathematics and technology$1210 $aBerlin [etc.]$cSpringer$d2008- 500 1$3VAN00235171$aNumerical analysis using sage$91522611 606 $a47N40$xApplications of operator theory in numerical analysis [MSC 2020]$3VANC033631$2MF 606 $a97N40$xNumerical analysis (educational aspects) [MSC 2020]$3VANC033632$2MF 606 $a97N80$xMathematical software, computer programs (educational aspects) [MSC 2020]$3VANC033633$2MF 606 $a97U20$xTextbooks, textbook research (aspects of mathematics education) [MSC 2020]$3VANC024271$2MF 610 $aAdoption$9KW:K 610 $aAlgorithms Sage$9KW:K 610 $aNumerical analysis Sage$9KW:K 610 $aPython algorithms$9KW:K 610 $aPython syntax$9KW:K 610 $aSageMath$9KW:K 620 $aCH$dCham$3VANL001889 700 1$aAnastassiou$bGeorge A.$3VANV087568$060024 701 1$aMezei$bRazvan A.$3VANV087569$0755583 712 $aSpringer $3VANV108073$4650 801 $aIT$bSOL$c20250131$gRICA 856 4 $uhttp://dx.doi.org/10.1007/978-3-319-16739-8$zE-book ? Accesso al full-text attraverso riconoscimento IP di Ateneo, proxy e/o Shibboleth 899 $aBIBLIOTECA DEL DIPARTIMENTO DI MATEMATICA E FISICA$1IT-CE0120$2VAN08 912 $fN 912 $aVAN00113455 950 $aBIBLIOTECA DEL DIPARTIMENTO DI MATEMATICA E FISICA$d08DLOAD e-book 0354 $e08eMF354 20180110 996 $aNumerical analysis using sage$91522611 997 $aUNICAMPANIA